Responses for show #6688 - Wednesday, October 16, 2013

Contestants

Jane Wanninger, a lecturer and academic advisor from Nashville, Tennessee

Mat Ahn, a law student originally from North Royalton, Ohio

Stuart Anderson, a JAG originally from New Orleans, Louisiana (whose 1-day cash winnings total $16,801)

Jeopardy! Round responses

WHO OWNS IT?
FILMOGRAPHIES
FIELD OF DREAMS
"RAP" IT UP
(Alex: Each correct response will begin with those three letters of the alphabet.)
FOR THE LAST TIME
HO CHI MINH CITY
(Kelly: Once the center of imperial intrigue and power, today the most important city in Southern Vietnam.)
    $200 12
Hallmark

Stuart
    $200 18
Tina Fey

Jane
    $200 1
elephants

Mat
    $200 5
rapid

Mat
    $200 9
Babe Ruth

Mat
    $200 26
Notre-Dame

Stuart
    $400 15
[ERRATUM: Limited Brands was renamed "L Brands" in March 2013.]

Victoria's Secret

Stuart
    $400 19
James Franco

Mat
    $400 2
Egyptian

Stuart
    $400 6
a rapport

Mat
    $400 10
the guillotine

Stuart
    $400 27
a backpack

Stuart
    $600 23
V8

Stuart
    $600 20
Halle Berry

Jane
    $1,000 3
Freud

Stuart
    $600 7
rapture

Stuart
    $600 11
Ellis Island

Jane
    $600 28
(Stuart: What is Beaux-Arts?)
...
[The end-of-round signal sounds.]

French Colonial

Stuart
Triple Stumper
    $800 24
(Mat: What is Cap'n Crunch?)
...
(Alex: Less than a minute now.)

General Mills

StuartMat
    $800 21
Morgan Freeman

Jane
    $800 4
(Mat: What is [*] sleep?)

REM

Mat
    $800 8
rapacious

Jane
    $800 16
Brigham Young

Jane
    $1000 25
(Mat: What is Nestlé?)
(Jane: What is Procter & Gamble?)

Unilever

MatJane
Triple Stumper
    $1000 22
(Jane: Who is Natalie Portman?)
(Stuart: Who is Milan Kundera?)

Mila Kunis

StuartMatJane
    $1000 14
a sewing machine

Stuart
    $1000 13
rappel

Stuart
    $1000 17
(Stuart: What is Bulgaria?)

Greece

Stuart
Triple Stumper

Scores at the first commercial break (after clue 15):

Stuart Mat Jane
$5,000 $1,800 $1,400

Scores at the end of the Jeopardy! Round:

Stuart Mat Jane
$4,400 $1,400 $1,800

Double Jeopardy! Round responses

WASHINGTON, NOT D.C.
YOU CAN SEE IT ON PBS
FAMILIAR PHRASES
BALLET
AUTHORS' NAMES
YEAR HE, YEAR HE
    $400 1
Illinois

Stuart
    $400 11
steal

Stuart
    $400 16
Cinderella

Mat
    $400 2
(Joseph) Conrad

Mat
    $400 17
1492

Mat
    $800 3
coal

Stuart
    $800 12
he who hesitates is lost

Jane
    $800 22
Picasso

Mat
    $800 7
(Zane) Grey

Jane
    $800 18
1812

Mat
    $1200 4
Bowie

Jane
    $1200 25
chimneys

Mat
    $1200 13
jack of all trades

Mat
    $1200 8
Maya Angelou

Stuart
    $4,600 19
(Mat: What is... 1944?)
(Alex: No. It has to do with 9/11, [*].)

2001

Mat
    $1600 5
Pennsylvania

Stuart
    $1600 24
(Billie Jean) King

Jane
    $2,000 14
sent down the river

Mat
    $1600 27
[Alex reads "ABT" as "American Ballet Theatre".]
...
[The end-of-round signal sounds.]

Onegin

Stuart
    $1600 9
(Edna St. Vincent) Millay

Jane
    $1600 20
(Mat: What is 1918?)

1919

MatJane
    $2000 6
[Alex reads "W." as "Washington".]
(Mat: What is Ohio?)
(Jane: What is Virginia?)

Connecticut

MatJane
Triple Stumper
    $2000 23
(Alex: [*] is correct, and we have less than a minute to go now.)

Selfridge

Jane
    $2000 15
Davy Jones' locker

Stuart
    $2000 26
Gerald Arpino

Triple Stumper
    $2000 10
James Herriot

Triple Stumper
    $2000 21
(Mat: What is 1949?)
...
(Alex: Poor Mat. He was one year off on two clues.)

1948

StuartMat

Scores at the end of the Double Jeopardy! Round:

Stuart Mat Jane
$14,400 -$1,600 $9,400

[wagering suggestions for these scores]

Final Jeopardy! Round responses

FEMALE SINGERS
JaneWho is Mariah Carey
$9,397
StuartWho is Whitney Houston?
$4,401
Taylor Swift

Final scores:

Stuart Mat Jane
$9,999 -$1,600 $3
2-day champion: $26,800 3rd place: $1,000 2nd place: $2,000

Game dynamics:

Coryat scores:

Stuart Mat Jane
$14,000 $2,600 $9,400
20 R
(including 1 DD),
3 W
15 R
(including 1 DD),
6 W
(including 1 DD)
13 R,
3 W

Combined Coryat: $26,000

The J! Archive is created by fans, for fans. The Jeopardy! game show and all elements thereof, including but not limited to copyright and trademark thereto, are the property of Jeopardy Productions, Inc. and are protected under law. This website is not affiliated with, sponsored by, or operated by Jeopardy Productions, Inc. Join the discussion at JBoard.tv.